| 000 | 00577nam a2200181 a 4500 | ||
|---|---|---|---|
| 001 | 000000801 | ||
| 005 | 20200929145416.0 | ||
| 008 | 090522s2001 sp d 000 0 spa d | ||
| 020 | _a8493178934 | ||
| 040 |
_aDO-SdBNP _bspa _cBNPHU |
||
| 082 |
_a463.1 _bD545s |
||
| 245 | 0 | 0 | _aDiccionario de sinónimos, antónimos y parónimos. |
| 260 |
_aBarcelona : _bArt Interprise, _c2001. |
||
| 300 |
_a360 p. ; _c20 cm. |
||
| 650 | 4 |
_aEspañol _xSinónimos y antónimos _vDICCIONARIOS _92781 |
|
| 650 | 4 |
_aEspañol _xParónimos _vDICCIONARIOS _92782 |
|
| 910 | _aValidado. Control de calidad MFF | ||
| 999 |
_c797 _d797 |
||